Reality Show Hosts Quiz Stats

Quiz Updated Mar 10, 2015

Challenge
Share
Tweet
Score 0/18 Timer 07:00
2 Plays Today
Number % Correct
Host NameDonald Trump
94.3%
Host NameRyan Seacrest
82.2%
Host NameTyra Banks
79.4%
Host NameAnderson Cooper
74.2%
Host NameHeidi Klum
69.1%
Host NameGordon Ramsay
59.9%
Host NameJeff Probst
58.5%
Host NameRuPaul
54.6%
Host NameBear Grylls
43.7%
Number % Correct
Host NameTom Bergeron
40%
Host NameTy Pennington
38.9%
Host NameJulie Chen
38%
Host NameAlison Sweeney
23.3%
Host NamePadma Lakshmi
23.3%
Host NameChris Harrison
22.6%
Host NameJo Frost
22.1%
Host NameCat Deeley
19.8%
Host NamePhil Keoghan
15.8%

You're not logged in!

Compare scores with friends on all Sporcle quizzes.
Join for Free
OR
Log In

You Might Also Like...

Show Comments

Extras

Top Quizzes Today


Score Distribution

Your Account Isn't Verified!

In order to create a playlist on Sporcle, you need to verify the email address you used during registration. Go to your Sporcle Settings to finish the process.

Report this User

Report this user for behavior that violates our Community Guidelines.

Details: